| 000 | 00771nam a2200253 a 4500 | ||
|---|---|---|---|
| 999 |
_c990 _d990 |
||
| 001 | 13286 | ||
| 003 | BD-DhUAP | ||
| 005 | 20201231124104.0 | ||
| 008 | 200129r20091987ii a b 001 0 eng d | ||
| 020 | _a9788170121206 | ||
| 020 | _a8170129001 | ||
| 040 |
_aSTX _cBD-DhUAP _bEng _dBD-DhUAP |
||
| 082 | 0 | 0 |
_a340 MAH _223 |
| 100 | 1 | _aMahajan, V. D. | |
| 245 | 0 | 0 |
_aJurisprudence and legal theory / _cV. D. Mahajan. |
| 250 | _a5th ed. | ||
| 260 |
_aLalbagh, Lucknow : _bEastern Book Com., _cc1987 [Reprinted 2009]. |
||
| 300 |
_axx, 742 pages : _billustrations ; _c22 cm. |
||
| 504 | _aIncludes bibliographical references and index. | ||
| 650 | 0 |
_aJurisprudence _xHistory. |
|
| 650 | 0 |
_aLaw _xHistory. |
|
| 942 |
_2ddc _cBK |
||